Online
Catalog

Contribución de las Fuerzas Armadas en la fundación de la República / (Record no. 29903)

MARC details
000 -CABECERA
campo de control de longitud fija 00518nam a2200157 a 4500
001 - NÚMERO DE CONTROL
campo de control 000030411
005 - FECHA Y HORA DE LA ÚLTIMA TRANSACCIÓN
campo de control 20240307183814.0
008 - DATOS DE LONGITUD FIJA--INFORMACIÓN GENERAL
campo de control de longitud fija 110517s1980 dr 000 | spa d
040 ## - FUENTE DE LA CATALOGACIÓN
Centro catalogador/agencia de origen DO-SdBNP
Lengua de catalogación spa
Centro/agencia transcriptor BNPHU
082 ## - NÚMERO DE LA CLASIFICACIÓN DECIMAL DEWEY
Número de clasificación xxxx
Número de documento/Ítem M433c
049 ## - FONDOS LOCALES (OCLC)
Fondos de biblioteca BNPD
100 1# - ENTRADA PRINCIPAL--NOMBRE DE PERSONA
Nombre de persona Matos G., Ramiro‏
Forma completa/desarrollada del nombre (Matos González)
Fechas asociadas al nombre 1927-
9 (RLIN) 37780
245 10 - MENCIÓN DE TÍTULO
Título Contribución de las Fuerzas Armadas en la fundación de la República /
Mención de responsabilidad, etc. Ramiro Matos González.
260 ## - PUBLICACIÓN, DISTRIBUCIÓN, ETC.
Lugar de publicación, distribución, etc. Santo Domingo :
Nombre del editor, distribuidor, etc. Editora Cacique,
Fecha de publicación, distribución, etc. 1980.
300 ## - DESCRIPCIÓN FÍSICA
Extensión 13 p. ;
Dimensiones 21 cm.
Holdings
Estado de retiro Estado de pérdida Restricciones de uso No para préstamo Código de colección Localización permanente Ubicación/localización actual Ubicación en estantería Fecha de adquisición Número de inventario Total de préstamos Signatura topográfica completa Código de barras Fecha visto por última vez Número de copia Precio válido a partir de Tipo de ítem Koha
        Dominicana de Servicio General General En catalogación 18.05.2011 LF1   xxxx M433c 30411-30 25.06.2020 e.3 25.06.2020 Libro y Folleto Colección Dominicana de Servicio
        Dominicana de Servicio General General En catalogación 18.05.2011 LF1   xxxx M433c 30411-40 25.06.2020 e.4 25.06.2020 Libro y Folleto Colección Dominicana de Servicio
      Excluido de préstamo Patrimonio Dominicano Patrimonio Dominicano Patrimonio Dominicano En catalogación 17.05.2011 LF1   xxxx M433c 30411-10 25.06.2020   25.06.2020 Libro y Folleto Colección Patrimonio Dominicano
      Excluido de préstamo Patrimonio Dominicano Patrimonio Dominicano Patrimonio Dominicano En catalogación 18.05.2011 LF1   xxxx M433c 30411-20 25.06.2020 e.2 25.06.2020 Libro y Folleto Colección Patrimonio Dominicano

Powered by Koha